Квантовая модель вычислений глазами классического программиста (Запись № 12138803)

Подробности
000 -МАРКЕР
контрольное поле 01743nam0a2200349 4500
001 - ИДЕНТИФИКАТОР ЗАПИСИ
контрольное поле RU\NLR\BIBL_A\011858325
005 - ИДЕНТИФИКАТОР ВЕРСИИ
контрольное поле 20190322130530.0
021 ## - НОМЕР ГОСУДАРСТВЕННОЙ РЕГИСТРАЦИИ
Код страны Российская Федерация
Номер КН-П-18-076641
Номер Листа государственной регистраци КН-П-18-5536
035 ## - ДРУГИЕ СИСТЕМНЫЕ НОМЕРА
Идентификатор записи (NLR Aleph) 011858325
035 ## - ДРУГИЕ СИСТЕМНЫЕ НОМЕРА
Идентификатор записи (RuMoRGB)009773891
100 ## - ДАННЫЕ ОБЩЕЙ ОБРАБОТКИ
Данные общей обработки 20181108d2018 k y0rusy50 ca
101 0# - ЯЗЫК РЕСУРСА
Язык текста, звукозаписи и т.д. русский
Язык резюме английский
102 ## - СТРАНА ПУБЛИКАЦИИ ИЛИ ПРОИЗВОДСТВА
Страна публикации Российская Федерация
105 ## - ПОЛЕ КОДИРОВАННЫХ ДАННЫХ: ТЕКСТОВЫЕ МАТЕРИАЛЫ, МОНОГРАФИЧЕСКИЕ
Кодированные данные о монографическом текстовом документе y|||z|||000zy
200 1# - ЗАГЛАВИЕ И СВЕДЕНИЯ ОБ ОТВЕТСТВЕННОСТИ
Основное заглавие Квантовая модель вычислений глазами классического программиста
Первые сведения об ответственности С. С. Андреев, С. А. Дбар, Ю. А. Климов [и др.]
210 ## - ПУБЛИКАЦИЯ, РАСПРОСТРАНЕНИЕ И ДР.
Место издания, распространения и т.д. Москва
Имя издателя, распространителя и т. д. ИПМ им. М. В. Келдыша РАН
Дата издания, распространения и т.д. 2018
215 ## - ФИЗИЧЕСКАЯ ХАРАКТЕРИСТИКА
Специфическое обозначение материала и объем 30 с.
Размеры 21
225 1# - СЕРИЯ
Основное заглавие серии Препринты ИПМ им. М. В. Келдыша
Параллельное заглавие серии Keldysh Institute preprints
Сведения об ответственности гл. ред. Б.Н. Четверушкин акад. РАН
Язык параллельного заглавия английский
225 1# - СЕРИЯ
Основное заглавие серии Препринт
Сведения об ответственности Ин-т прикл. математики им. М. В. Келдыша Рос. акад. наук
ISSN серии 2071-2898
Обозначение тома № 178 за 2018 г.
300 ## - ОБЩИЕ ПРИМЕЧАНИЯ
Текст примечания Рез. англ.
320 ## - ПРИМЕЧАНИЯ О НАЛИЧИИ В ДОКУМЕНТЕ БИБЛИОГРАФИИ / УКАЗАТЕЛЯ
Текст примечания Библиогр.: с. 29 (8 назв.)
606 1# - НАИМЕНОВАНИЕ ТЕМЫ КАК ПРЕДМЕТ
Наименование темы Квантовая информатика
Тематический подзаголовок Математические основы
Системный номер авторитетной/нормативной записи 2389640
Идентификатор авторитетной/нормативной записи RU\NLR\AUTH\6601645623
686 1# - ИНДЕКСЫ ДРУГИХ КЛАССИФИКАЦИЙ
Индекс З973.233-01
701 #1 - ИМЯ ЛИЦА - АЛЬТЕРНАТИВНАЯ ОТВЕТСТВЕННОСТЬ
Графика поля Кириллица
Материалы, к которым относится поле rus
Начальный элемент ввода Андреев
Часть имени, кроме начального элемента ввода С. С.
Дополнения к именам, кроме дат математик, программирование
Расширение инициалов личного имени Сергей Сергеевич
Системный номер авторитетной/нормативной записи 187669
Идентификатор авторитетной/нормативной записи RU\NLR\AUTH\770187720
701 #1 - ИМЯ ЛИЦА - АЛЬТЕРНАТИВНАЯ ОТВЕТСТВЕННОСТЬ
Начальный элемент ввода Дбар
Часть имени, кроме начального элемента ввода С. А.
Расширение инициалов личного имени Светлана Алексеевна
701 #1 - ИМЯ ЛИЦА - АЛЬТЕРНАТИВНАЯ ОТВЕТСТВЕННОСТЬ
Начальный элемент ввода Климов
Часть имени, кроме начального элемента ввода Ю. А.
Расширение инициалов личного имени Юрий Андреевич
942 ## - ДОПОЛНИТЕЛЬНЫЕ ЭЛЕМЕНТЫ ЗАПИСИ (АБИС)
Тип экземпляра АБИС Книга
980 ## - КОЛЛЕКЦИЯ
Название коллекции НБР
980 ## - КОЛЛЕКЦИЯ
Название коллекции Национальная библиография

Нет доступных экземпляров.